Housing jargon (Record no. 104254)
[ view plain ]
| 000 -LEADER | |
|---|---|
| fixed length control field | 00842cam a2200217 4500 |
| 001 - CONTROL NUMBER | |
| control field | L129647 |
| 008 - FIXED-LENGTH DATA ELEMENTS--GENERAL INFORMATION | |
| fixed length control field | 050506n2003 000 0 eng u |
| 020 ## - INTERNATIONAL STANDARD BOOK NUMBER | |
| International Standard Book Number | 086297495X |
| 035 ## - SYSTEM CONTROL NUMBER | |
| System control number | (Sirsi) u129647 |
| 041 ## - LANGUAGE CODE | |
| Language code of text/sound track or separate title | eng |
| 050 ## - LIBRARY OF CONGRESS CALL NUMBER | |
| Classification number | 306 |
| -- | 18 |
| 110 ## - MAIN ENTRY--CORPORATE NAME | |
| Corporate name or jurisdiction name as entry element | National Housing Federation |
| 9 (RLIN) | 695 |
| 245 ## - TITLE STATEMENT | |
| Title | Housing jargon |
| Remainder of title | a decoder |
| 250 ## - EDITION STATEMENT | |
| Edition statement | 6th ed. |
| 260 ## - PUBLICATION, DISTRIBUTION, ETC. | |
| Place of publication, distribution, etc. | London |
| Name of publisher, distributor, etc. | National Housing Federation |
| Date of publication, distribution, etc. | 2003 |
| 300 ## - PHYSICAL DESCRIPTION | |
| Extent | xxiv, 199p. |
| Dimensions | 21cm. |
| 350 ## - PRICE (NR) (BK AM CF MU VM SE) [OBSOLETE] | |
| Price | 17.50 |
| 520 ## - SUMMARY, ETC. | |
| Summary, etc. | This sixth and further expanded edition of the National Housing Federation (NHF) housing jargon book is designed to provide simple definitions of many of the terms, phrases, initials and other jargon used in the world of housing. Includes the NHF's acronym guide and list of top housing abbreviations. |
| 690 ## - LOCAL SUBJECT ADDED ENTRY--TOPICAL TERM (OCLC, RLIN) | |
| Topical term or geographic name as entry element | Residential property |
| 9 (RLIN) | 6266 |
| 942 ## - ADDED ENTRY ELEMENTS (KOHA) | |
| Suppress in OPAC | 0 |
| Withdrawn status | Lost status | Source of classification or shelving scheme | Damaged status | Not for loan | Home library | Current library | Shelving location | Date acquired | Cost, normal purchase price | Total Checkouts | Full call number | Barcode | Date last seen | Date last checked out | Copy number | Cost, replacement price | Price effective from | Koha item type |
|---|---|---|---|---|---|---|---|---|---|---|---|---|---|---|---|---|---|---|
| Dewey Decimal Classification | London | London | Books | 09/06/2005 | 17.50 | 2 | 306 NAT | 30069900 | 06/08/2019 | 16/07/2008 | 1 | 17.50 | 06/08/2019 | Book |